000 00805nam a22001937a 4500
005 20240103162214.0
010 _aB-757048-050 ENG
020 _c855.00
_a9788195724130
035 _aB-757048-050
037 _bLG Pub.Dist.
082 _a342.540853
100 _aJoshi, Man Mohan
_960619
245 _aThe Indian Penal Code/
_cMan Mohan Joshi
260 _aNew Delhi
_bIntegrity Education
_c2022
270 _bNew Delhi
_aFirst Floor, 4598/12-B, 1st Floor, Padam Chand Marg, Daryaganj,
_e110002
300 _a672p.
_c24cm(pbk)
942 _2ddc
_cEN
_h342.540853
_mJOS
999 _c199940
_d199940